Tìm hiểu phong cách nghệ thuật của nhà văn Nguyên Ngọc

Khái niệm sơ lược phong cách nghệ thuật và những tác nhân góp phần tạo nên phong cách nghệ thuật Nguyên Ngọc. Phong cách nghệ thuật văn xuôi Nguyên Ngọc qua các sáng tác trước năm 1975. Phong cách nghệ thuật văn xuôi Nguyên Ngọc sau 1975.

Gardado en:
Detalles Bibliográficos
Autor Principal: Võ Thị Kim Ngân
Outros autores: Phan Ngọc Thu TS (Hướng dẫn)
Formato: Libro
Idioma:Vietnamese
Publicado: Đà Nẵng Đại học Đà Nẵng 2007
Những chủ đề:
Các nhãn: Engadir etiqueta
Sen Etiquetas, Sexa o primeiro en etiquetar este rexistro!
Thư viện lưu trữ: Mạng thư viện Đại học Đà Nẵng
LEADER 01630nam a2200349 4500
001 000010670
003 6878
005 20111216101227.0
008 111216s2007 viesd
041 |a vie 
072 |a Luận văn Thạc sĩ Khoa học Xã hội và nhân văn 
082 |a 895.922334  |b VO-N 
100 |a Võ Thị Kim Ngân 
245 |a Tìm hiểu phong cách nghệ thuật của nhà văn Nguyên Ngọc  |c Võ Thị Kim Ngân 
260 |a Đà Nẵng  |b Đại học Đà Nẵng  |c 2007 
300 |a 104tr  |c 29cm 
500 |a Luận văn Thạc sĩ Khoa học Xã hội và nhân văn. Chuyên ngành: Văn học Việt Nam. Mã số: 60.22.34 
520 |a Khái niệm sơ lược phong cách nghệ thuật và những tác nhân góp phần tạo nên phong cách nghệ thuật Nguyên Ngọc. Phong cách nghệ thuật văn xuôi Nguyên Ngọc qua các sáng tác trước năm 1975. Phong cách nghệ thuật văn xuôi Nguyên Ngọc sau 1975. 
653 |a Nguyên Ngọc 
653 |a Văn học 
653 |a Luận văn Thạc sĩ Văn học Việt Nam 
700 |a Phan Ngọc Thu  |c TS  |e Hướng dẫn 
OWN |a LSP 
AVA |a UDN50  |b LSP  |d 895.922334 VO-N  |e available  |t Error 5001 Not defined in file expand_doc_bib_avail.  |f 1  |g 0  |h N  |i 0  |k 1 
999 |a From the UDN01 
AVA |a UDN50  |b LSP  |d 895.922334 VO-N  |e available  |t Error 5001 Not defined in file expand_doc_bib_avail.  |f 1  |g 0  |h N  |i 0  |k 1 
TYP |a Monograph 
TYP |a Printed language 
980 |a Mạng thư viện Đại học Đà Nẵng